| 000 | 00808nam a22001937a 4500 | ||
|---|---|---|---|
| 999 |
_c192818 _d192818 |
||
| 005 | 20221007145006.0 | ||
| 010 | _aRP B-745783 | ||
| 020 |
_c199.00 _a9788183071000 |
||
| 035 | _aB-745783 | ||
| 037 | _bGoyal Publishers & Distributors PVT. LTD | ||
| 082 | _2485 | ||
| 100 | _aLewis, Norman | ||
| 245 |
_aWord Ppwer Made Easy: _bNorman Lewis _cthe mosteffective vocabulary builder in the english language/ |
||
| 260 |
_aDelhi _bGoyal Publishers & Distributors PVT. LTD _c2020 |
||
| 270 |
_a86UB Jawahar Nagar, _bDelhi _e110007 |
||
| 300 |
_aVP. _c18cm(pbk) |
||
| 942 |
_2ddc _cEN _mLEW _h485 |
||